| 000 | 00861nam a2200217Ia 4500 | ||
|---|---|---|---|
| 008 | 130821s1949 sp gr spa | ||
| 020 | _a8420637114 | ||
| 040 |
_aCo-BoUCM _bspa |
||
| 041 | 0 | 0 | _aspa |
| 092 |
_a193.9 _bN43c |
||
| 100 | 1 |
_aNietzsche, Friedrich Wilhelm _d1844-1900 _954237 |
|
| 245 | 1 | 0 |
_aConsideraciones intempestivas, 1 Davis Strauss, el confensor y el escritor [y fragmentos póstumos] _cFederico Nietsche; introducción, traducción y notas Andrés Sánchez Pascual |
| 260 |
_aMadrid (España) _bAlianza Editorial _c1949 |
||
| 300 | _a334 páginas | ||
| 490 | 1 | 0 |
_aBiblioteca de Autor _v0617 |
| 650 | 0 | 4 |
_aAforismos y apotegmas _98669 |
| 650 | 0 | 4 |
_aFilosofía alemana _97622 |
| 650 | 0 | 4 |
_aFilosofía de la historia _915763 |
| 700 | 2 |
_aSanchez Pascual, Andrés. _etrad. _9127790 |
|
| 942 |
_cLIBRO _a2 _e1 _mN677C _2DEWEY _h193 |
||
| 999 |
_c42747 _d42747 |
||